| 000 | 01095nam a22002777a 4500 | ||
|---|---|---|---|
| 005 | 20240619095114.0 | ||
| 008 | 240619b ||||| |||| 00| 0 eng d | ||
| 020 | _a9783725807055 | ||
| 040 |
_aCO-BoUCM _cDavid Moreno _dDavid Moreno |
||
| 245 | 0 | 0 |
_aAdvanced Energy Systems in Zero/Positive Energy Buildings, Communities and Districts _cAla Hasan (Editor) and Hassam Ur Rehman (Editor) |
| 260 |
_aBasel, SU _bMdpi AG _c2024 |
||
| 300 | _a310 Páginas | ||
| 504 | _aIncluye referencias bibliográficas e índices | ||
| 650 | 1 | 4 |
_aSistemas Energéticos Avanzados _9181484 |
| 650 | 1 | 4 |
_aEdificios de energía cero _9181485 |
| 650 | 1 | 4 |
_aEficiencia energética _9181486 |
| 650 | 1 | 4 |
_aEdificios ecológicos _9181487 |
| 650 | 1 | 4 |
_aRedes inteligentes _9181488 |
| 650 | 1 | 4 |
_aComunidades Sostenibles _9181489 |
| 650 | 1 | 4 |
_aOptimización energética _9181490 |
| 650 | 1 | 4 |
_aArquitectura sostenible _9154243 |
| 700 | 1 |
_aHasan, Ala _eeditor _9181491 |
|
| 700 | 1 |
_aUr Rehman, Hassam _eeditor _9181492 |
|
| 942 |
_2DEWEY _a17 _cLIBRO _e1 _h690.028 _mH344a _n0 |
||
| 999 |
_c324395 _d324395 |
||